000 00322nam a2200133Ia 4500
008 150201s2009 xx 000 0 und d
082 _a610.7367
_bM09L
100 _aLALITHA , K.
245 _aMANTAL HEALTH & PSYCHIATRIC NURSING
260 _bCBS
_aDELHI
_c2009
300 _a386
650 _aPSYCHIATRY
942 _2ddc
_cBK
999 _c1901
_d1901